000 01230nam a22002537a 4500
999 _c18108
_d18108
005 20251125232903.0
008 s2532 th tha d
020 _a9745033634
040 _aNALT
041 _atha
245 1 0 _aพระราชบัญญัติการทะเบียนคนต่างด้าว พ.ศ. 2493
260 3 _aกรุงเทพฯ :
_bสูตรไพศาล,
_c2532
300 _a106 หน้า ; ภาพประกอบ, ตาราง ;
_b 26 ซม.
650 0 4 _aการทะเบียนคนต่างด้าว -- คำพิพากษาศาลฎีกา
650 0 4 _aการทะเบียนคนต่างด้าว (พ.ร.บ.) -- 2493
650 0 4 _aการทะเบียนคนต่างด้าว (ระเบียบ) -- 2532
650 0 4 _aคนต่างด้าว -- การทะเบียน
650 0 4 _aคนต่างด้าว -- ไทย
850 _aNALT
856 4 0 _uhttps://hdl.handle.net/20.500.14156/460696
_71
942 _cLB
_2lcc
998 _j25
_k นีลวัสน์ อินทรักษา
090 _aKF45 ส886พ 2532